| 000 | 00374nam a22001457a 4500 | ||
|---|---|---|---|
| 003 | OSt | ||
| 008 | 210915b ||||| |||| 00| 0 eng d | ||
| 020 | _a9789385516221 | ||
| 082 |
_a631.3 _bSUR/FA |
||
| 100 | _aSurendra Singh | ||
| 245 | _aFarm tools and equipment for agriculture | ||
| 260 |
_aNew Delhi _bNew India Publishing Agency _c2016 |
||
| 300 | _a698 p | ||
| 942 | _cBK | ||
| 999 |
_c15425 _d15425 |
||